000 00632nam a22001937a 4500
999 _c8798
_d8798
003 AR-CdUCM
008 190326b ||||| |||| 00| 0 spa d
040 _aMUNICIPALIDAD PROVINCIAL DEL CUSCO
_cBIBLIOTECA MUNICIPAL DEL CUSCO
082 _a982 /
_bB11
245 _aLa ciencia en la Argentina /
260 _aBuenos Aires :
_bLa fragua,
_c1954.
300 _a97 paginas ;
_c18 cm.
505 _aContenido :La colonia --La independencia --La organización nacional --El siglo XX /
650 _aColonia
_91685
650 _aIndependencia
_9625
650 _aOrganización Nacional
_924531
942 _2ddc
_cLIBROS
945 _arjall